[Event "Backa Topola-ch"]
[Site "Backa Topola"]
[Date "2019.12.04"]
[Round "5"]
[White "Sirotanovic, Obrad"]
[Black "Vucelic, Rade"]
[Result "1-0"]
[WhiteElo "2145"]
[BlackElo "1886"]
[PlyCount "47"]
[EventDate "2019.11.25"]
[EventType "swiss"]
[EventRounds "9"]
[EventCountry "SRB"]
[SourceTitle "CBM 193 Extra"]
[Source "ChessBase"]
[SourceDate "2020.01.31"]
[SourceVersion "1"]
[SourceVersionDate "2020.01.31"]
[SourceQuality "1"]

1. d4 e6 2. e4 d5 3. Nc3 Qd7 4. Nf3 c6 5. Bd3 b6 6. 0-0 Ba6 7. Ne5 Qc7 8. Re1 Nf6 9. Bxa6 Nxa6 10. exd5 Nxd5 11. Nxd5 cxd5 12. Qd3 Nb8 13. Qb5+ Kd8 14. Bf4 a6 15. Qb3 Qb7 16. Nxf7+ Qxf7 17. Qxb6+ Kc8 18. Rxe6 Qxf4 19. Re8+ Kd7 20. Rd8+ Ke7 21. Re1+ Qe4 22. Rxe4+ dxe4 23. Rxb8 Rxb8 24. Qxb8 1-0

[Event "Subotica City-ch"]
[Site "Subotica"]
[Date "2019.03.11"]
[Round "7"]
[White "Vucelic, Rade"]
[Black "Liliom, Imre"]
[Result "1-0"]
[WhiteElo "1880"]
[BlackElo "1952"]
[PlyCount "119"]
[EventDate "2019.02.25"]
[EventType "swiss"]
[EventRounds "9"]
[EventCountry "SRB"]
[SourceTitle "CBM 189 Extra"]
[Source "ChessBase"]
[SourceDate "2019.06.03"]
[SourceVersion "1"]
[SourceVersionDate "2019.06.03"]
[SourceQuality "1"]

1. e4 c6 2. d4 d5 3. Nc3 e6 4. Nf3 Bb4 5. e5 Ne7 6. a3 Ba5 7. Bg5 h6 8. Bd2 Bb6 9. Na4 Nd7 10. Nxb6 axb6 11. c3 c5 12. Bd3 Nb8 13. 0-0 Nbc6 14. Be3 Bd7 15. dxc5 bxc5 16. Bxc5 Qc7 17. Bd6 Qb6 18. Qe2 Nc8 19. Bb4 N8e7 20. Rfe1 0-0 21. Qe3 Qd8 22. Nd4 Nxb4 23. axb4 Qc7 24. f4 Ng6 25. g4 Qb6 26. Kg2 Rae8 27. Kg3 Qd8 28. Nf3 Bc6 29. Qd4 Ne7 30. h4 g6 31. Ra7 Qb8 32. Rea1 Nc8 33. Ra8 Qc7 34. g5 hxg5 35. hxg5 Ne7 36. R8a7 Bb5 37. Bc2 Bc6 38. Qc5 Qd7 39. Nh2 Kg7 40. Ng4 Rc8 41. Nf6 Qd8 42. Rh1 Rh8 43. Rxh8 Kxh8 44. Qf2 Kg7 45. Qh2 Qh8 46. Qxh8+ Rxh8 47. Ra1 Nc8 48. Bd3 Nb6 49. b5 Be8 50. Ra7 Rf8 51. b3 Nd7 52. Nxd7 Bxd7 53. Rxb7 Rd8 54. c4 dxc4 55. bxc4 Be8 56. Kf3 Kf8 57. Ke3 Ra8 58. c5 Ra3 59. c6 Rc3 60. Kd4 1-0

[Event "Palic Karadzic Memorial op"]
[Site "Palic"]
[Date "2017.11.02"]
[Round "8"]
[White "Subelj, Jan"]
[Black "Vucelic, Rade"]
[Result "1-0"]
[WhiteElo "2070"]
[BlackElo "1924"]
[PlyCount "143"]
[EventDate "2017.10.28"]
[EventType "swiss"]
[EventRounds "9"]
[EventCountry "SRB"]
[SourceTitle "CBM 181 Extra"]
[Source "ChessBase"]
[SourceDate "2017.12.12"]
[SourceVersion "1"]
[SourceVersionDate "2017.12.12"]
[SourceQuality "1"]

1. e4 d5 2. exd5 Qxd5 3. Nc3 Qd6 4. d4 Nf6 5. Nf3 a6 6. Ne5 Nc6 7. Bf4 Qxd4 8. Nxc6 Qxd1+ 9. Rxd1 bxc6 10. Bxc7 Nd7 11. Bc4 e6 12. 0-0 Be7 13. Bd6 Nb6 14. Be2 Nd5 15. Ne4 Bxd6 16. Nxd6+ Ke7 17. Nxc8+ Rhxc8 18. Bf3 Rab8 19. c4 Nb6 20. b3 c5 21. Rfe1 Rd8 22. Kf1 Rxd1 23. Rxd1 Rd8 24. Rxd8 Kxd8 25. Ke2 Kd7 26. Kd3 Kd6 27. Kc3 a5 28. a3 f5 29. Kd3 g5 30. Bd1 e5 31. g4 e4+ 32. Ke3 Ke5 33. gxf5 Kxf5 34. Bc2 Ke5 35. Bxe4 h5 36. h3 Nd7 37. Bf3 Nf6 38. Bg2 Ne8 39. Bf3 h4 40. Bg4 Nd6 41. Kd3 Ne4 42. f3 Nd6 43. b4 cxb4 44. axb4 axb4 45. c5 Nb5 46. Kc4 b3 47. Kxb3 Kd5 48. Kb4 Nd4 49. Bh5 Nc6+ 50. Kb5 Na7+ 51. Ka6 Nc8 52. Bg4 Ne7 53. Kb6 Ke5 54. c6 Kd6 55. Bd7 Nd5+ 56. Kb7 Nc7 57. Kb8 Nd5 58. Kc8 Ne7+ 59. Kd8 Nd5 60. Ke8 Nc7+ 61. Kf7 Ke5 62. Kg6 Kf4 63. Bg4 Nd5 64. Kh6 Nc7 65. Kg6 Nd5 66. Kh5 Nf6+ 67. Kh6 Nd5 68. Kg7 Ke5 69. Kf7 Nc7 70. Ke7 Nd5+ 71. Kd7 Nf6+ 72. Kd8 1-0

[Event "Stari Zednik"]
[Site "Stari Zednik"]
[Date "2017.06.14"]
[Round "1"]
[White "Vucelic, Rade"]
[Black "Varga, Imre"]
[Result "0-1"]
[WhiteElo "1890"]
[BlackElo "1716"]
[PlyCount "74"]
[EventDate "2017.06.14"]
[EventType "swiss"]
[EventRounds "9"]
[EventCountry "SRB"]
[SourceTitle "CBM 179 Extra"]
[Source "ChessBase"]
[SourceDate "2017.08.23"]
[SourceVersion "1"]
[SourceVersionDate "2017.08.23"]
[SourceQuality "1"]

1. e4 c5 2. Nf3 d6 3. Nc3 a6 4. d4 cxd4 5. Nxd4 e5 6. Nb3 Be6 7. Be3 b5 8. Nd5 Nd7 9. Qd2 Rc8 10. Be2 Nc5 11. f3 Nf6 12. 0-0 Nxd5 13. exd5 Bd7 14. Nxc5 dxc5 15. a4 Bd6 16. axb5 axb5 17. Ra6 Qe7 18. Rb6 c4 19. Ra1 Bc5 20. Rb7 0-0 21. c3 Rfd8 22. Rd1 Qd6 23. Bxc5 Rxc5 24. Qg5 Bc8 25. Re7 Kf8 26. Ra7 Rxd5 27. Rda1 h6 28. Qe3 Rd2 29. b4 cxb3 30. Bxb5 b2 31. Re1 Bf5 32. Bc4 Bg6 33. Ba2 Rd1 34. Rb7 Rd2 35. Rb6 Qa3 36. Qxe5 Qxa2 37. Rb8 Qa7+ 0-1

[Event "Palic Karadzic Memorial op"]
[Site "Palic"]
[Date "2016.11.04"]
[Round "9"]
[White "Szabo, Nikita"]
[Black "Vucelic, Rade"]
[Result "0-1"]
[WhiteElo "1689"]
[BlackElo "1869"]
[PlyCount "72"]
[EventDate "2016.10.29"]
[EventType "swiss"]
[EventRounds "9"]
[EventCountry "SRB"]
[SourceTitle "CBM 175 Extra"]
[Source "ChessBase"]
[SourceDate "2016.12.12"]
[SourceVersion "1"]
[SourceVersionDate "2016.12.12"]
[SourceQuality "1"]

1. d4 Nf6 2. c4 e6 3. Nc3 Bb4 4. Nf3 b6 5. g3 Bb7 6. Bg2 Ne4 7. Qc2 Nxc3 8. bxc3 Be7 9. 0-0 d6 10. e4 Nd7 11. Be3 0-0 12. h4 c5 13. Rac1 Nf6 14. Nh2 e5 15. f4 exd4 16. cxd4 cxd4 17. Bxd4 Nd7 18. Ng4 Re8 19. Qb2 Bf8 20. h5 Bxe4 21. h6 gxh6 22. Bf6 Qc7 23. Bxe4 Rxe4 24. Qg2 Qc5+ 25. Kh2 Rae8 26. Qh3 R8e6 27. f5 Nxf6 28. fxe6 Nxg4+ 29. Kh1 Nf2+ 30. Rxf2 Qxf2 31. Rf1 Re1 32. exf7+ Kh8 33. Rxe1 Qxe1+ 34. Kg2 Qe4+ 35. Kg1 Qxc4 36. Qd7 a5 0-1

[Event "Palic Karadzic Memorial op"]
[Site "Palic"]
[Date "2016.11.03"]
[Round "8"]
[White "Jelovac, Ivko"]
[Black "Vucelic, Rade"]
[Result "1-0"]
[WhiteElo "1925"]
[BlackElo "1869"]
[PlyCount "49"]
[EventDate "2016.10.29"]
[EventType "swiss"]
[EventRounds "9"]
[EventCountry "SRB"]
[SourceTitle "CBM 175 Extra"]
[Source "ChessBase"]
[SourceDate "2016.12.12"]
[SourceVersion "1"]
[SourceVersionDate "2016.12.12"]
[SourceQuality "1"]

1. e4 d6 2. d4 Nf6 3. Nc3 g6 4. f4 Bg4 5. Nf3 Bg7 6. h3 Bxf3 7. Qxf3 c6 8. Be3 Qa5 9. 0-0-0 0-0 10. g4 b5 11. Kb1 b4 12. Ne2 Qc7 13. h4 h5 14. gxh5 Nxh5 15. Ng3 Nf6 16. h5 Rd8 17. hxg6 fxg6 18. f5 Qd7 19. Bh3 Qe8 20. Rdg1 e5 21. fxg6 Nbd7 22. Bxd7 Rxd7 23. Nh5 Qe6 24. Nxf6+ Qxf6 25. Qh3 1-0

[Event "Senta op 20th"]
[Site "Senta"]
[Date "2016.07.24"]
[Round "4"]
[White "Vranic, Ljubomir"]
[Black "Vucelic, Rade"]
[Result "1-0"]
[WhiteElo "2152"]
[BlackElo "1892"]
[PlyCount "55"]
[EventDate "2016.07.22"]
[EventType "swiss"]
[EventRounds "9"]
[EventCountry "SRB"]
[SourceTitle "EXT 2017"]
[Source "ChessBase"]
[SourceDate "2016.10.25"]
[SourceVersion "1"]
[SourceVersionDate "2016.10.25"]
[SourceQuality "1"]

1. d4 e6 2. c4 d5 3. Nc3 c6 4. e3 Nf6 5. Bd2 Na6 6. cxd5 exd5 7. Bxa6 bxa6 8. Qa4 Qd7 9. Nf3 Bd6 10. Rc1 0-0 11. Ne2 Bb7 12. Bb4 Bxb4+ 13. Qxb4 Rac8 14. Ne5 Qc7 15. Nf4 Qb6 16. Qa3 a5 17. 0-0 g5 18. Qe7 gxf4 19. Qxf6 Qd8 20. Qxf4 f6 21. Nf3 Ba6 22. Rfe1 Qe7 23. Rc5 a4 24. Rec1 Qe6 25. Ra5 Bb5 26. Rxa7 Rf7 27. Rxf7 Kxf7 28. Ng5+ 1-0

[Event "Senta op 20th"]
[Site "Senta"]
[Date "2016.07.22"]
[Round "1"]
[White "Vucelic, Rade"]
[Black "Ivanov, Mikhail M"]
[Result "0-1"]
[WhiteElo "1892"]
[BlackElo "2400"]
[PlyCount "72"]
[EventDate "2016.07.22"]
[EventType "swiss"]
[EventRounds "9"]
[EventCountry "SRB"]
[SourceTitle "EXT 2017"]
[Source "ChessBase"]
[SourceDate "2016.10.25"]
[SourceVersion "1"]
[SourceVersionDate "2016.10.25"]
[SourceQuality "1"]

1. e4 c5 2. Nf3 d6 3. b3 e5 4. c3 g6 5. Bb2 Bg7 6. d4 exd4 7. cxd4 Bg4 8. Bb5+ Nc6 9. Qd2 Nf6 10. e5 Ne4 11. Bxc6+ bxc6 12. Qf4 Bxf3 13. Qxf3 d5 14. 0-0 cxd4 15. Bxd4 0-0 16. Qd3 Qe7 17. Nc3 Bxe5 18. Bxe5 Qxe5 19. Nxe4 dxe4 20. Qc4 Rac8 21. Rac1 Rfe8 22. Rfe1 Re6 23. Rc3 Rd8 24. Rc2 Rd4 25. Qa6 Qc7 26. g3 Qb6 27. Qa3 h5 28. Kg2 h4 29. Qc1 Qa5 30. Ree2 Qf5 31. Re3 h3+ 32. Kf1 Red6 33. Re1 Qd5 34. Ke2 Rd1 35. Qb2 Qb5+ 36. Rc4 Qh5+ 0-1

[Event "Subotica-ch"]
[Site "Subotica"]
[Date "2015.02.23"]
[Round "4"]
[White "Pajzer, Istvan"]
[Black "Vucelic, Rade"]
[Result "1-0"]
[WhiteElo "2071"]
[BlackElo "1960"]
[PlyCount "45"]
[EventDate "2015.02.16"]
[EventType "swiss"]
[EventRounds "9"]
[EventCountry "SRB"]
[SourceTitle "CBM 165 Extra"]
[Source "ChessBase"]
[SourceDate "2015.04.21"]
[SourceVersion "1"]
[SourceVersionDate "2015.04.21"]
[SourceQuality "1"]

1. d4 Nf6 2. c4 d5 3. cxd5 Nxd5 4. e4 Nf6 5. Nc3 e6 6. Bd3 Be7 7. Nge2 b6 8. 0-0 Bb7 9. e5 Nd5 10. Ne4 Nd7 11. Be3 0-0 12. Rc1 f5 13. exf6 Bxf6 14. N2g3 Qe7 15. Qg4 Rf7 16. Rfe1 Re8 17. Bg5 Nf8 18. Nh5 Nd7 19. Bb1 Bxg5 20. Nxg5 N7f6 21. Nxf6+ Nxf6 22. Qh3 Bd5 23. Bxh7+ 1-0

[Event "Subotica-ch"]
[Site "Subotica"]
[Date "2014.03.07"]
[Round "8"]
[White "Vucelic, Rade"]
[Black "Sijan, Branko"]
[Result "1-0"]
[WhiteElo "1917"]
[BlackElo "1826"]
[PlyCount "62"]
[EventDate "2014.02.19"]
[EventType "swiss"]
[EventRounds "9"]
[EventCountry "SRB"]
[SourceTitle "CBM 159 Extra"]
[Source "ChessBase"]
[SourceDate "2014.04.24"]
[SourceVersion "1"]
[SourceVersionDate "2014.04.24"]
[SourceQuality "1"]

1. e4 e5 2. Nf3 Nc6 3. Bc4 Bc5 4. c3 a5 5. d3 d6 6. Ng5 Nh6 7. h3 0-0 8. Qh5 Qf6 9. 0-0 Qg6 10. Qxg6 hxg6 11. Kh2 Kh8 12. Be3 Bxe3 13. fxe3 f6 14. Na3 Bd7 15. Ne6 Bxe6 16. Bxe6 Nd8 17. Bb3 c6 18. Nc4 Nhf7 19. a4 b5 20. axb5 cxb5 21. Na3 Nh6 22. Bd5 Rb8 23. Nb1 Nb7 24. d4 f5 25. Ra2 Nd8 26. Rxa5 Ndf7 27. Bxf7 Nxf7 28. exf5 gxf5 29. Rxf5 Nh6 30. Rxf8+ Rxf8 31. Ra6 Rf2 1-0

[Event "Subotica-ch"]
[Site "Subotica"]
[Date "2014.02.26"]
[Round "4"]
[White "Vucelic, Rade"]
[Black "Matkovic, Jovan"]
[Result "1/2-1/2"]
[WhiteElo "1917"]
[BlackElo "2017"]
[PlyCount "73"]
[EventDate "2014.02.19"]
[EventType "swiss"]
[EventRounds "9"]
[EventCountry "SRB"]
[SourceTitle "CBM 159 Extra"]
[Source "ChessBase"]
[SourceDate "2014.04.24"]
[SourceVersion "1"]
[SourceVersionDate "2014.04.24"]
[SourceQuality "1"]

1. e4 c5 2. Nf3 Nc6 3. Bb5 g6 4. Nc3 Bg7 5. Bxc6 dxc6 6. 0-0 Qc7 7. d3 Bg4 8. Re1 Rd8 9. Qe2 Nf6 10. h3 h5 11. Bg5 Nd7 12. Qe3 f6 13. Bf4 e5 14. Bh2 Bh6 15. Qe2 Be6 16. b3 0-0 17. Nd1 Bf7 18. Ne3 Rfe8 19. g4 hxg4 20. Nxg4 Bg7 21. Nh4 Nf8 22. Qe3 Ne6 23. Nh6+ Kh7 24. Nxf7 Qxf7 25. Rf1 Bh6 26. Qe2 Bf4 27. Ng2 Kg7 28. Bxf4 exf4 29. Qg4 Qc7 30. Nh4 Ng5 31. Kg2 Rh8 32. Rh1 Rh5 33. Nf3 Rdh8 34. h4 Nf7 35. Qe6 Qc8 36. Qxc8 Rxc8 37. Rh2 1/2-1/2

[Event "Subotica-ch"]
[Site "Subotica"]
[Date "2014.02.19"]
[Round "1"]
[White "Meszaros, Bela"]
[Black "Vucelic, Rade"]
[Result "1-0"]
[WhiteElo "2259"]
[BlackElo "1917"]
[PlyCount "81"]
[EventDate "2014.02.19"]
[EventType "swiss"]
[EventRounds "9"]
[EventCountry "SRB"]
[SourceTitle "CBM 159 Extra"]
[Source "ChessBase"]
[SourceDate "2014.04.24"]
[SourceVersion "1"]
[SourceVersionDate "2014.04.24"]
[SourceQuality "1"]

1. e4 e6 2. d3 d5 3. Nd2 c5 4. Ngf3 Nc6 5. g3 Nf6 6. Bg2 Be7 7. 0-0 0-0 8. Re1 b6 9. e5 Nd7 10. Nf1 Qc7 11. Bf4 Re8 12. h4 Nf8 13. h5 Bb7 14. N1h2 Rac8 15. Ng4 Nd4 16. Ng5 Qd8 17. Nh3 Nf5 18. Qd2 a5 19. c3 Nd7 20. Ng5 Nf8 21. Bf3 Bc6 22. Kg2 h6 23. Nh3 d4 24. Bxc6 Rxc6 25. c4 Nh7 26. Rh1 Rc8 27. Nh2 Bg5 28. Nf3 Bxf4 29. Qxf4 g5 30. hxg6 fxg6 31. Qe4 Kg7 32. Rh2 Qd7 33. Rah1 Rh8 34. Nf4 Nf8 35. g4 Ne7 36. Ne2 Ng8 37. Ng3 Rh7 38. Qf4 Qe7 39. Ne4 Nd7 40. g5 h5 41. Nf6 1-0

[Event "Subotica-ch"]
[Site "Subotica"]
[Date "2013.05.24"]
[Round "6"]
[White "Vucelic, Rade"]
[Black "Vadoc, Karolj"]
[Result "1/2-1/2"]
[WhiteElo "1960"]
[BlackElo "1967"]
[PlyCount "88"]
[EventDate "2013.05.13"]
[EventType "swiss"]
[EventRounds "9"]
[EventCountry "SRB"]
[SourceTitle "CBM 154 Extra"]
[Source "ChessBase"]
[SourceDate "2013.06.25"]
[SourceVersion "2"]
[SourceVersionDate "2013.06.25"]
[SourceQuality "1"]

1. e4 e5 2. Nf3 Nc6 3. Bb5 a6 4. Ba4 Nf6 5. d3 b5 6. Bb3 Bc5 7. 0-0 d6 8. a4 Rb8 9. Nbd2 0-0 10. c3 h6 11. Re1 Bb7 12. Nf1 Re8 13. Bc2 b4 14. Ne3 bxc3 15. bxc3 d5 16. exd5 Nxd5 17. Nxd5 Qxd5 18. Rb1 Bb6 19. Qe2 Qd7 20. Nd2 Na5 21. Ba3 Qc6 22. Nf3 Qxc3 23. Bb2 Qc6 24. Rbc1 Bd4 25. Bd1 Qd7 26. Ba3 Qd8 27. Qd2 Bxf3 28. Qxa5 Bxd1 29. Rexd1 Rb6 30. Rc2 Ree6 31. Qe1 Rec6 32. Qe2 Qd7 33. Bc1 Rxc2 34. Qxc2 c5 35. Ba3 Qd5 36. Rb1 Qb7 37. Rxb6 Qxb6 38. g3 Qa5 39. Kg2 Bc3 40. Bc1 Qb4 41. Be3 g6 42. Bxh6 Bd4 43. Bd2 Qb7+ 44. f3 Qd5 1/2-1/2

[Event "Subotica-ch"]
[Site "Subotica"]
[Date "2013.05.13"]
[Round "1"]
[White "Vranic, Ljubomir"]
[Black "Vucelic, Rade"]
[Result "1-0"]
[WhiteElo "2192"]
[BlackElo "1960"]
[PlyCount "107"]
[EventDate "2013.05.13"]
[EventType "swiss"]
[EventRounds "9"]
[EventCountry "SRB"]
[SourceTitle "CBM 154 Extra"]
[Source "ChessBase"]
[SourceDate "2013.06.25"]
[SourceVersion "2"]
[SourceVersionDate "2013.06.25"]
[SourceQuality "1"]

1. d4 e6 2. c4 f5 3. Nc3 Nf6 4. g3 d5 5. Bg2 c6 6. Nf3 Bd6 7. 0-0 0-0 8. Qb3 Qb6 9. c5 Qxb3 10. axb3 Bc7 11. b4 Ne4 12. Re1 Nd7 13. Bf4 Bxf4 14. gxf4 a6 15. e3 Rb8 16. Bf1 Rf6 17. Bd3 Rg6+ 18. Kf1 Ndf6 19. Ne5 Rh6 20. Kg2 Bd7 21. Ne2 Be8 22. f3 Nd2 23. Ng3 Nd7 24. Rad1 Nxe5 25. dxe5 Nxf3 26. Kxf3 Rxh2 27. Re2 Rxe2 28. Bxe2 Rc8 29. Kf2 h6 30. Rh1 Kh7 31. Bf3 g6 32. Ne2 Kg7 33. Nd4 Bd7 34. Rg1 Rg8 35. Be2 Kh7 36. Ra1 Rc8 37. Ra3 Kg7 38. Bxa6 bxa6 39. Rxa6 Kf7 40. Ra7 Ke8 41. b5 cxb5 42. b4 g5 43. fxg5 hxg5 44. Kg3 Kd8 45. Ra6 Ke7 46. c6 Be8 47. Ra7+ Kf8 48. Nxe6+ Kg8 49. c7 f4+ 50. exf4 gxf4+ 51. Kxf4 Kf7 52. Nd4 Ke7 53. Nf5+ Kd7 54. Nd6 1-0

[Event "Subotica Autumn op"]
[Site "Subotica"]
[Date "2012.12.17"]
[Round "4"]
[White "Vucelic, Rade"]
[Black "Jovanovic, Milan B"]
[Result "0-1"]
[WhiteElo "1983"]
[BlackElo "1941"]
[PlyCount "72"]
[EventDate "2012.12.14"]
[EventType "swiss"]
[EventRounds "9"]
[EventCountry "SRB"]
[SourceTitle "EXT 2014"]
[Source "ChessBase"]
[SourceDate "2013.11.20"]
[SourceVersion "1"]
[SourceVersionDate "2013.11.20"]
[SourceQuality "1"]

1. e4 c5 2. f4 d5 3. e5 Nc6 4. Nf3 Bg4 5. c3 e6 6. d3 Nge7 7. h3 Bxf3 8. Qxf3 h5 9. Be3 Nf5 10. Bf2 Qb6 11. Qe2 h4 12. b3 a5 13. Qb2 a4 14. b4 d4 15. b5 dxc3 16. Nxc3 Ncd4 17. Rb1 Be7 18. Bxd4 cxd4 19. Ne4 Rc8 20. Be2 Ne3 21. Bd1 a3 22. Qd2 f5 23. exf6 gxf6 24. Kf2 f5 25. Ng5 Bxg5 26. fxg5 Qd6 27. Re1 Qg3+ 28. Kg1 Qxg5 29. b6 Rg8 30. Re2 f4 31. Rf2 Qf5 32. Kh2 Rc3 33. Rb3 Rxg2+ 34. Rxg2 Nf1+ 35. Kg1 Nxd2 36. Rxd2 Qxh3 0-1